Športová hala - Vajnory

Saved in:
Bibliographic Details
Main Author: Čontofalská, Zuzana (Author)
Other Authors: Kuráň, Jozef (Thesis advisor)
Format: Manuscript Book
Language:Slovak
Published: 2018
Subjects:
Online Access:http://is.stuba.sk/zp/portal_zp.pl?podrobnosti=126842
https://opac.crzp.sk/?fn=detailBiblioForm&sid=CBCDB6E5622FB9C0D0514128BE80
Tags: Add Tag
No Tags, Be the first to tag this record!

MARC

LEADER 00000ntm a22000003a 4500
001 stuzp62666
003 SK-STU
005 20230809142237.1
007 ta
008 150427s2015----xo-----f-mn---000-0-slo-d
040 |a STU  |b slo 
041 0 |a slo 
100 1 |a Čontofalská, Zuzana  |u 010310  |4 aut  |U SvF Stavebná fakulta  |T SvF Katedra architektúry  |X 43429  |U V181|V310  |Y 19  |7 43429 
242 0 1 |a Sports hall - Vajnory  |y eng 
245 1 0 |a Športová hala - Vajnory 
260 |c 2018 
650 4 |a športový areál  |2 slo 
650 4 |a zelená architektúra  |2 slo 
650 4 |a športová hala  |2 slo 
650 4 |a sports hall  |2 eng 
650 4 |a sports areal  |2 eng 
650 4 |a green architecture  |2 eng 
700 1 |a Kuráň, Jozef  |u 010310  |k Z1  |4 ths  |U SvF Stavebná fakulta  |T SvF Katedra architektúry  |X 710  |U V181|V310  |Y 19  |7 A000000710 
856 4 |u http://is.stuba.sk/zp/portal_zp.pl?podrobnosti=126842 
856 4 |u https://opac.crzp.sk/?fn=detailBiblioForm&sid=CBCDB6E5622FB9C0D0514128BE80